Quang Dũng, Nguyễn Mỹ, Xuân Quỳnh Tuyển chọn và trích dẫn những bài phê bình - bình luận văn học...
v.v...
Đã lưu trong:
| Tác giả chính: | |
|---|---|
| Định dạng: | Sách |
| Năm xuất bản: |
Khánh Hòa
TH Khánh Hòa
1991
|
| Chủ đề: | |
| Tags: |
Thêm thẻ
Không có thẻ, Hãy là người đầu tiên gắn thẻ bản ghi này!
|
| LEADER | 00972nam a2200205 4500 | ||
|---|---|---|---|
| 082 | |a 895.9221009 |b QU106D | ||
| 100 | |a Hoàng Như Mai | ||
| 245 | |a Quang Dũng, Nguyễn Mỹ, Xuân Quỳnh |c Hoàng Như Mai, Trần Lê Vân, Ngô Quang Miện,...; Vũ Tiến Quỳnh biên soạn |b Tuyển chọn và trích dẫn những bài phê bình - bình luận văn học... | ||
| 260 | |a Khánh Hòa |b TH Khánh Hòa |c 1991 | ||
| 300 | |a 107 tr. |c 21 cm | ||
| 520 | |a v.v... | ||
| 653 | |a Văn học | ||
| 653 | |a Việt Nam | ||
| 653 | |a Phê bình văn học | ||
| 653 | |a Bình luận | ||
| 653 | |a Thơ | ||
| 942 | |2 ddc |c STK0 | ||
| 999 | |c 2327 |d 2327 | ||
| 952 | |0 0 |1 0 |2 ddc |4 0 |6 895_922100900000000_QU106D |7 1 |8 800 |9 31068 |a qbu |b qbu |c D5 |d 2014-12-13 |g 3000 |o 895.9221009 QU106D |p 3782.c1 |r 0000-00-00 |w 2014-12-13 |y STK0 | ||
| 952 | |0 0 |1 0 |2 ddc |4 0 |6 895_922100900000000_QU106D |7 0 |8 800 |9 31069 |a qbu |b qbu |c D5 |d 2014-12-13 |g 3000 |l 2 |m 1 |o 895.9221009 QU106D |p 3782.c2 |r 2016-05-09 |s 2016-04-27 |w 2014-12-13 |y STK0 | ||